000 00444nam a2200181Ia 4500
003 GCL
008 140319s9999 xx 000 0 eng d
020 _a009921801
040 _aGCL /
_cGCL
082 0 4 _a823
_bT F
100 1 _aTRUMP, IVANA
245 1 0 _aFOR LOVE ALONE /
_cTRUMP, IVANA
260 _a[S.N] :
_bARROW ،
_c1993
300 _a18 CM ؛
_c628 P
650 0 4 _aENGLISH LITERATURE
650 0 4 _aENGLISH FICTION
942 _2ddc
_cBK
999 _c4759
_d4759